| 000 | 00000nam 2200000zi 4500 |
| 001 | 9.902043 |
| 003 | CaOODSP |
| 005 | 20250312122332 |
| 006 | m o d f |
| 007 | cr mn||||||||| |
| 008 | 210727t20212021oncb ob f000 0 fre d |
| 020 | |a9780660398037 |
| 040 | |aCaOODSP|bfre|erda|cCaOODSP |
| 043 | |an-cn-on |
| 086 | 1 |aCW69-21/73-2021F-PDF |
| 245 | 00|aPlan d'action visant des espèces multiples dans le parc urbain national de la Rouge. |
| 264 | 1|a[Ottawa] : |bParcs Canada, |c2021. |
| 264 | 4|c©2021 |
| 300 | |a1 ressource en ligne (iv, 68 pages) : |bcarte en couleur. |
| 336 | |atexte|btxt|2rdacontent/fre |
| 337 | |ainformatique|bc|2rdamedia/fre |
| 338 | |aressource en ligne|bcr|2rdacarrier/fre |
| 490 | 1 |aLoi sur les espèces en péril, série de plans d'action |
| 500 | |aPublié aussi en anglais sous le titre : Multi-species action plan for Rouge National Urban Park of Canada. |
| 500 | |aPublié aussi en format HTML. |
| 504 | |aComprend des références bibliographiques (pages 21-31). |
| 650 | 6|aFaune|xProtection|zOntario. |
| 650 | 6|aHabitat (Écologie)|xConservation|zOntario. |
| 710 | 2 |aParcs Canada, |eorganisme de publication. |
| 775 | 08|tMulti-species action plan for Rouge National Urban Park of Canada.|w(CaOODSP)9.902042 |
| 830 | #0|aLoi sur les espèces en péril, série de plans d'action.|w(CaOODSP)9.502108 |
| 856 | 40|qPDF|s2.56 Mo|uhttps://publications.gc.ca/collections/collection_2021/pc/CW69-21-73-2021-fra.pdf |
| 856 | 4 |qHTML|sS.O.|uhttps://www.canada.ca/fr/environnement-changement-climatique/services/registre-public-especes-peril/plans-action/especes-multiples-parc-urbain-national-rouge-proposition-2021.html |